Marketing de servicios: conceptos y estrategias

Uloženo v:
Podrobná bibliografie
Hlavní autoři: Cobra, Marcos Henrique Nogueira (Autor), Zwarg, Flavio Arnaldo (Autor)
Médium: Kniha
Jazyk:španělština
Vydáno: Bogotá McGraw-Hill 1991
Vydání:1a. ed
Témata:
Tagy: Přidat tag
Žádné tagy, Buďte první, kdo vytvoří štítek k tomuto záznamu!

MARC

LEADER 00000nam a2200000 a 4500
001 UCW2851
003 CL-VaPUC
005 20231218123409.0
008 930108e19910000CK |||||||||||||||||spa|d
999 |c 217279  |d 217277 
020 |a 958600063X 
040 |c Pontificia Universidad Católica de Valparaíso 
082 0 4 |a 658.8  |b COB  |2 21 
100 0 |a Cobra, Marcos Henrique Nogueira  |e author  |9 307189 
245 1 0 |a Marketing de servicios: conceptos y estrategias 
250 |a 1a. ed 
260 |a Bogotá  |b McGraw-Hill  |c 1991 
300 |a 279 p 
583 |a last modification  |c 20160923 01:02:24  |k Rodrigo Vera 
650 0 |a Marketing  |9 259324 
650 0 |a Planificación estratégica   |9 259735 
650 0 |a Segmentación del mercado  |9 886570 
650 0 |a Servicio al cliente   |9 320800 
650 0 |a Comunicación empresarial  |9 534022 
700 0 |a Zwarg, Flavio Arnaldo  |e author  |9 307190 
942 |c BK  |2 ddc 
945 |d 19930108 00:00:00  |a mfernand 
952 |0 0  |1 0  |4 0  |6 658_800000000000000_COB_1991  |7 0  |8 R  |9 204447  |a BIBGIM  |b BIBGIM  |d 2019-11-15  |i 2716763  |o 658.8 COB 1991  |p 2716763  |r 2025-01-15  |w 2019-11-15  |y BK_R  |k COM